Central Library OPAC University of Rajshahi

The reader over your shoulder : (Record no. 17877)

MARC details
000 -LEADER
fixed length control field 00991cam a22003011a 4500
001 - CONTROL NUMBER
control field 17877
003 - CONTROL NUMBER IDENTIFIER
rucl marc code BD-RjUL
005 - DATE AND TIME OF LATEST TRANSACTION
control field 20211209000215.0
008 - FIXED-LENGTH DATA ELEMENTS--GENERAL INFORMATION
fixed length control field 140219r19631943enk 000 0 eng
035 ## - SYSTEM CONTROL NUMBER
System control number (BD-RjUL)17935
System control number (OCoLC)3656628
040 ## - CATALOGING SOURCE
Original cataloging agency DLC
Transcribing agency ICarbS
Modifying agency TxU-Hu
-- DLC
-- BD-RjUL
Language of cataloging eng
041 ## - LANGUAGE CODE
Language code of text/sound track or separate title eng
082 ## - DEWEY DECIMAL CLASSIFICATION NUMBER
Classification number 808
Author mark and year GRR
100 1# - MAIN ENTRY--PERSONAL NAME
Personal name Graves, Robert,
Dates associated with a name 1895-1985.
9 (RLIN) 55177
245 14 - TITLE STATEMENT
Title The reader over your shoulder :
Remainder of title a handbook for writers of English prose /
Statement of responsibility, etc. Robert Graves & Alan Hodge.
260 ## - PUBLICATION, DISTRIBUTION, ETC. (IMPRINT)
Place of publication, distribution, etc. London :
Name of publisher, distributor, etc. Jonathan Cape,
Date of publication, distribution, etc. 1943 [impression 1963]
300 ## - PHYSICAL DESCRIPTION
Pagination 446 p. ;
Size 23 cm.
500 ## - GENERAL NOTE
General note "First published 1943"--T.p. verso.
General note Last leaf pasted down.
510 4# - CITATION/REFERENCES NOTE
Name of source Higginson, F.H. Graves,
Location within source A55a
650 #0 - SUBJECT ADDED ENTRY--TOPICAL TERM
Topical term or geographic name as entry element English prose literature
General subdivision History and criticism.
9 (RLIN) 55178
Topical term or geographic name as entry element English language
General subdivision Style.
9 (RLIN) 52987
700 1# - ADDED ENTRY--PERSONAL NAME
Personal name Hodge, Alan,
Dates associated with a name 1915-
942 ## - ADDED ENTRY ELEMENTS (KOHA)
Source of classification or shelving scheme Dewey Decimal Classification
Koha item type Books
Holdings
Lost status Source of classification or shelving scheme Damaged status Not for loan Collection code Permanent Location Current Location Shelving location Date acquired Source of acquisition Cost, normal purchase price Total Checkouts Full call number Date last seen Copy number Koha item type
  Dewey Decimal Classification   Not For Loan Fiction Central Library, University of Rajshahi Central Library, University of Rajshahi Reading Room 19/03/1964 Zeitlinger 21.00   808 GRR 1963 19/02/2014 C-1 Books